=LDR 00000nam 2200000 4500 =001 INLIS000000000047037 =005 20200319065029 =035 ##$$a 0010-071500000000007 =008 200319################g##########0#ind## =020 ##$$a 978.602.1186-75.6 =040 ##$$a NBPDMAT =082 ##$$a 297.28 =090 ##$$a 297.28 Faw k =100 ##$$a Fawaizul Umam =245 1#$$a Kala beragama tak lagi merdeka : $b Majelis ulama indonesia dalam praksis kebebasan beragama /$c Fawaizul Umam; Editor: Moh. Asyiq Amrulloh =260 ##$$a Jakarta :$b Prenada Media,$c 2015 =300 ##$$a xxii, 312 hlm ; $c 23 x 15 cm =500 ##$$a Bibliografi : hlm. 279 - 299 =500 ##$$a Biografi : hlm. 311 - 312 =500 ##$$a Indeks : hlm. 301 - 309 =650 #4$$a Islam - Agama Lain =850 ##$$a NBPDMAT =084 ##$$a 297.28 FAW k =990 ##$$a 31500371 =990 ##$$a 31500372